| 000 | 00514nam a22002057a 4500 | ||
|---|---|---|---|
| 003 | OSt | ||
| 005 | 20140326100009.0 | ||
| 008 | 140326b xxu||||| |||| 00| 0 eng d | ||
| 020 | _a0717285839 | ||
| 050 |
_aBJ 1631 _b.B443 2005 |
||
| 100 | _aBerry, Joy Wilt. | ||
| 245 |
_aA book about cheating / _cJoy Berry. |
||
| 260 |
_aNew York : _bScholastic, _cc2005. |
||
| 300 |
_a1 v. (unpaged) : _bcol. ill. ; _c19 cm. |
||
| 521 | _aG2 | ||
| 526 | _c380 | ||
| 650 | _aCheating | ||
| 942 |
_2lcc _cBK |
||
| 999 |
_c48761 _d48761 |
||